| 000 | 00384nam a2200133Ia 4500 | ||
|---|---|---|---|
| 008 | 211109s9999||||xx |||||||||||||| ||und|| | ||
| 082 |
_a894.8121 _bPAN-S |
||
| 100 | _aPanikar, V L S, | ||
| 245 | 0 | _aSidhanta Kaumudi, With Commentaris | |
| 260 |
_bNATIONAL BOOKSTALL _aKottayam _c1900 |
||
| 630 | _xGeneral Stack | ||
| 650 |
_aHinduism _vVedasIndian Literature _xMalayalam |
||
| 942 | _cBOOK | ||
| 999 |
_c1112 _d1112 |
||